| 000 | 00668cam a2200205 a 4500 | ||
|---|---|---|---|
| 001 | 000004688 | ||
| 005 | 20200929151459.0 | ||
| 008 | 000724s2000 sp a b 001 0 spa | ||
| 020 | _a8420700231 | ||
| 040 |
_aDO-SdBNP _cDLC _dDLC |
||
| 082 |
_a809.93 _bC335h |
||
| 100 | 1 |
_aCasariego, Nicolás, _d1970- _913654 |
|
| 245 | 1 | 0 |
_aHéroes y antihéroes en la literatura / _cNicolás Casariego. |
| 260 |
_aMadrid : _bGrupo Anaya, _c2000. |
||
| 300 |
_a111 p. : _bil. ; _c21 cm. |
||
| 504 | _aIncluye referencias bibliográficas (p. 107-108). | ||
| 650 | 4 |
_aHéroes en literatura _99001 |
|
| 650 | 4 |
_aAntihéroes en literatura _913655 |
|
| 910 | _aCatalogación por copia / LC | ||
| 999 |
_c4494 _d4494 |
||